Bílá kniha o obraně České republiky

Pripravovaná novelizácia Bezpečnostnej stratégie Českej republiky. Biela kniha, ktorá sa stane podkladom pre prípravu novej obrannej stratégie ČR, ktorá bude naväzovať na Bezpečnostnú stratégiu. Názor bezpečnostnej komunity. Koncepcia a možná štruktúra Bielej knihy.

Na minha lista:
Detalhes bibliográficos
Autor principal: Rašek, Antonín
Formato: Capítulo de Livro
Idioma:tcheco
Assuntos:
Tags: Adicionar Tag
Sem tags, seja o primeiro a adicionar uma tag!

MARC

LEADER 00000naa a2200000 4500
001 0122296
005 20231016094143.4
041 0 |a cze 
044 |a CZ 
245 1 0 |a Bílá kniha o obraně České republiky  |c Antonín Rašek 
520 |a Pripravovaná novelizácia Bezpečnostnej stratégie Českej republiky. Biela kniha, ktorá sa stane podkladom pre prípravu novej obrannej stratégie ČR, ktorá bude naväzovať na Bezpečnostnú stratégiu. Názor bezpečnostnej komunity. Koncepcia a možná štruktúra Bielej knihy. 
610 2 0 |a bezpečnosť 
610 2 0 |a politika bezpečnostná 
610 2 0 |a sily ozbrojené 
610 2 0 |a transformácia 
610 2 0 |a armáda 
610 2 0 |a obrana štátu 
610 2 0 |a organizácie medzinárodné 
610 2 0 |a Česko 
100 1 |a Rašek, Antonín